[Event "ECC"]
[Site "Panormo GRE"]
[Date "2001.09.23"]
[Round "1"]
[White "Dutreeuw,M"]
[Black "Atlas,V"]
[Result "0-1"]
[WhiteElo "2390"]
[BlackElo "2484"]
[EventDate "2001.09.22"]

1. e4 c5 2. Nf3 d6 3. d4 cxd4 4. Nxd4 Nf6 5. Nc3 e6 6. Be3 Be7 7. Bd3 Nbd7
8. Qe2 Nc5 9. Bb5+ Bd7 10. Bxd7+ Qxd7 11. f3 O-O 12. O-O Rfc8 13. Rfd1 a6
14. a4 b6 15. Rd2 Qc7 16. Kh1 Nb7 17. Nb3 Nd7 18. Qf2 Nbc5 19. Rad1 Rab8
20. Qe2 Ra8 21. Qf2 Bf8 22. h3 Rab8 23. Qe2 Qb7 24. Bg1 Ne5 25. Be3 Ncd7
26. Rd4 Nf6 27. Rb4 Qc7 28. Qxa6 Nc4 29. Bf4 Ra8 30. Qb5 Nxb2 31. Na1 0-1

[Event "ECC"]
[Site "Panormo GRE"]
[Date "2001.09.23"]
[Round "1"]
[White "Gustafsson,J"]
[Black "Welling,G"]
[Result "1/2-1/2"]
[WhiteElo "2535"]
[BlackElo "2376"]
[EventDate "2001.09.22"]

1. d4 Nf6 2. Nf3 e6 3. c4 c5 4. Nc3 d5 5. cxd5 cxd4 6. Qa4+ Bd7 7. Qxd4
exd5 8. Bg5 Be7 9. e3 Nc6 10. Qd3 Qa5 11. Be2 O-O 12. O-O Be6 13. Rfd1 Rfd8
14. Nd4 Nxd4 15. Qxd4 h6 16. Bh4 Rd7 17. Rac1 Rc8 18. a3 a6 19. Bg3 b5 20.
Be5 Qd8 21. h3 Ne8 22. Bf3 Rc4 23. Qd3 Bf6 24. Bxf6 Nxf6 25. Ne2 Qc8 26. b3
Rxc1 27. Rxc1 Rc7 28. Rxc7 Qxc7 29. b4 Kf8 30. Qc3 Qxc3 31. Nxc3 Ke7 32.
Kf1 Kd6 33. Ke1 Nd7 34. a4 bxa4 35. Nxa4 Ne5 36. Be2 Nc6 37. Bxa6 Nxb4 38.
Bb5 d4 39. exd4 1/2-1/2

[Event "ECC"]
[Site "Panormo GRE"]
[Date "2001.09.23"]
[Round "1"]
[White "Van Schaardenburg,M"]
[Black "Novkovic,Mi"]
[Result "1/2-1/2"]
[WhiteElo "2265"]
[BlackElo "2396"]
[EventDate "2001.09.22"]

1. e4 c5 2. Nc3 e6 3. g3 Nc6 4. Bg2 g6 5. d3 Bg7 6. Bf4 d6 7. Nge2 Nge7 8.
Qd2 Nd4 9. O-O Nec6 10. Nxd4 cxd4 11. Nb5 e5 12. Bh6 O-O 13. Bxg7 Kxg7 14.
c3 a6 15. Na3 dxc3 16. bxc3 b5 17. Nc2 Be6 18. d4 Na5 19. Ne3 Nc4 20. Nxc4
Bxc4 21. Rfd1 Qa5 22. f4 f6 23. h4 exf4 24. gxf4 Rac8 25. d5 Qb6+ 26. Kh2
Rce8 27. Re1 f5 28. exf5 Rxe1 29. Rxe1 Rxf5 30. Re7+ Rf7 31. Re8 Qc5 32.
Be4 Qa7 33. f5 Rf8 34. Rxf8 Kxf8 35. fxg6 hxg6 36. Bxg6 Qg7 37. Qf4+
1/2-1/2

[Event "ECC"]
[Site "Panormo GRE"]
[Date "2001.09.23"]
[Round "1"]
[White "Berend,E"]
[Black "Horvath,Ad"]
[Result "0-1"]
[WhiteElo "2297"]
[BlackElo "2504"]
[EventDate "2001.09.22"]

1. e4 c5 2. Nf3 e6 3. d3 Nc6 4. g3 d5 5. Qe2 Nge7 6. Bg2 g6 7. O-O Bg7 8.
c3 b6 9. Re1 h6 10. h4 Bb7 11. e5 Rc8 12. Bf4 Nf5 13. Na3 Bf8 14. Nc2 b5
15. d4 Qb6 16. g4 Ng7 17. dxc5 Bxc5 18. b4 Be7 19. Be3 Qc7 20. Qxb5 h5 21.
g5 O-O 22. Bd2 Nf5 23. Qe2 d4 24. Ncxd4 Ncxd4 25. Nxd4 Nxd4 26. cxd4 Bxg2
27. Kxg2 Qd7 28. Qd3 Rfd8 29. a3 Qxd4 30. Qxd4 Rxd4 31. Be3 Rxh4 32. Rac1
Rg4+ 33. Kf3 Rgc4 34. Rxc4 Rxc4 35. Bxa7 Bxg5 36. Ra1 Bf4 37. b5 Bxe5 38.
Ra2 h4 39. Be3 h3 40. Rd2 h2 41. Rd1 Ra4 42. Kg2 Rxa3 43. b6 Rb3 44. Re1
Kh7 45. f4 Rb2+ 46. Kf3 Bf6 47. Rh1 Kg8 48. Bf2 Bd8 49. Bg3 Bxb6 50. Bxh2
Kg7 51. Bg3 Rb3+ 52. Kg2 Kf6 0-1

[Event "ECC"]
[Site "Panormo GRE"]
[Date "2001.09.23"]
[Round "1"]
[White "Palkovi,J"]
[Black "Goriachnik,D"]
[Result "1-0"]
[WhiteElo "2446"]
[BlackElo "2230"]
[EventDate "2001.09.22"]

1. e4 d5 2. exd5 Nf6 3. d4 Bg4 4. Nf3 Qxd5 5. Be2 Nc6 6. O-O O-O-O 7. Be3
e6 8. Nbd2 Be7 9. h3 Bh5 10. c3 Kb8 11. b4 a6 12. a4 Na7 13. b5 a5 14. c4
Qf5 15. Ne5 Bxe2 16. Qxe2 Nd7 17. g4 Qf6 18. Ne4 Qh4 19. Nxf7 Qxh3 20. Nxh8
Rxh8 21. Bf4 h5 22. g5 Rf8 23. Bh2 Nc8 24. c5 e5 25. c6 Ndb6 26. Bxe5 Rf3
27. Bg3 Qg4 28. Kg2 h4 29. Rh1 Rxf2+ 30. Kxf2 hxg3+ 31. Nxg3 Qxd4+ 32. Qe3
Qb2+ 33. Ne2 Nd5 34. Qd4 Bc5 35. Qxc5 Nf4 36. Qe3 Nxe2 37. Qxe2 Qd4+ 38.
Qe3 Qb2+ 39. Kf3 b6 40. Rh8 1-0

[Event "ECC"]
[Site "Panormo GRE"]
[Date "2001.09.23"]
[Round "1"]
[White "Upton,T"]
[Black "Horvath,Gy"]
[Result "0-1"]
[WhiteElo "2303"]
[BlackElo "2441"]
[EventDate "2001.09.22"]

1. e4 c5 2. Nf3 d6 3. d4 cxd4 4. Nxd4 Nf6 5. Nc3 a6 6. Be2 g6 7. O-O Bg7 8.
Bg5 O-O 9. f4 Nc6 10. Nxc6 bxc6 11. e5 Nd5 12. Nxd5 cxd5 13. Qxd5 Qb6+ 14.
Kh1 Be6 15. Qf3 dxe5 16. fxe5 Qc7 17. Rac1 Bxe5 18. Bf4 Bd5 19. Qg3 Bxf4
20. Rxf4 Qe5 21. Bd3 Qxb2 22. Re1 e5 23. Rh4 e4 24. Bxe4 Bxe4 25. Rhxe4
Qxa2 26. c4 a5 27. c5 Qc2 28. Qe3 a4 29. Qc1 Qxc1 30. Rxc1 a3 31. h3 Rfc8
32. Rec4 Rcb8 33. Ra1 a2 34. Rcc1 Rb2 35. c6 Kf8 36. Kh2 Ke7 37. Rc3 Kd8
0-1

[Event "ECC"]
[Site "Panormo GRE"]
[Date "2001.09.23"]
[Round "1"]
[White "Iordachescu,V"]
[Black "Oral,T"]
[Result "1/2-1/2"]
[WhiteElo "2562"]
[BlackElo "2540"]
[EventDate "2001.09.22"]

1. e4 c5 2. Nf3 Nc6 3. d4 cxd4 4. Nxd4 Qc7 5. Nc3 e6 6. Be2 a6 7. O-O Nf6
8. Kh1 Be7 9. f4 d6 10. Be3 O-O 11. Qe1 Nxd4 12. Bxd4 b5 13. a3 Bb7 14. Qg3
Bc6 15. Rae1 Rac8 16. Bf3 Rfe8 17. e5 dxe5 18. fxe5 Nd7 19. Ne4 Bxe4 20.
Bxe4 g6 21. c3 Bc5 22. Rf3 Rcd8 23. h4 Bxd4 24. cxd4 Nf8 25. Rd1 h5 26. Qf4
Re7 27. g4 hxg4 28. Qxg4 Red7 29. Rfd3 Qb6 30. Bg2 Rc8 31. h5 Qd8 32. b3
Qe7 33. d5 exd5 34. hxg6 fxg6 35. Bxd5+ Kg7 36. e6 Rd6 37. Qd4+ Qf6 38.
Qxf6+ Kxf6 39. Rf3+ Ke5 40. e7 Ne6 41. Re3+ Kf6 42. Rde1 Ng7 43. Rf3+ Nf5
44. e8=Q Rxe8 45. Rxe8 Rxd5 46. Ra8 Rd6 47. a4 1/2-1/2

[Event "ECC"]
[Site "Panormo GRE"]
[Date "2001.09.23"]
[Round "1"]
[White "Komliakov,V"]
[Black "Horvath,Mario"]
[Result "1/2-1/2"]
[WhiteElo "2484"]
[BlackElo "2257"]
[EventDate "2001.09.22"]

1. e4 c5 2. Nf3 d6 3. Bc4 Nf6 4. d3 e6 5. O-O Be7 6. Bb3 Nc6 7. Re1 O-O 8.
c3 b5 9. Nbd2 Nd7 10. d4 cxd4 11. cxd4 e5 12. Bd5 Bb7 13. a4 a6 14. Nf1 Nb6
15. axb5 axb5 16. Rxa8 Qxa8 17. Ne3 Nxd5 18. Nxd5 Bd8 19. dxe5 dxe5 20. Qd3
Qa6 21. Be3 f6 22. Bc5 Rf7 23. Rd1 Ba5 24. Ra1 b4 25. Qxa6 Bxa6 26. Bb6 Bc4
27. Rxa5 Nxa5 28. Bxa5 b3 29. Bc3 Ra7 30. h4 Kf7 31. Nd2 Bxd5 32. exd5 Rd7
33. Nxb3 Rxd5 34. Kf1 Ke6 35. Ke2 Rd8 36. Nd2 Kd5 37. Nf1 Ke6 38. Ne3 g6
39. g3 Rd7 40. Ng4 Rd8 41. Ne3 Rd7 42. Bd2 h5 43. Bc3 Rd8 44. f4 exf4 45.
gxf4 Ra8 46. Nc2 Rg8 47. Nd4+ Kd5 48. Kf3 1/2-1/2

[Event "ECC"]
[Site "Panormo GRE"]
[Date "2001.09.23"]
[Round "1"]
[White "Slovineanu,V"]
[Black "Szucs,V"]
[Result "1/2-1/2"]
[WhiteElo "2406"]
[BlackElo "2165"]
[EventDate "2001.09.22"]

1. e4 e6 2. d3 d5 3. Nd2 Nf6 4. Ngf3 dxe4 5. dxe4 Bc5 6. Bc4 Nc6 7. O-O e5
8. c3 O-O 9. h3 Qe7 10. Re1 h6 11. Nf1 Be6 12. Bb5 Bd7 13. b4 Bb6 14. Bc4
Be6 15. Qe2 Rfe8 16. Ng3 Bxc4 17. Qxc4 Qe6 18. Qe2 a5 19. b5 Ne7 20. Nh4
Rad8 21. Ba3 Nd7 22. Bxe7 Qxe7 23. Nhf5 Qf8 24. Rad1 Nf6 25. Qf3 Rxd1 26.
Rxd1 Rd8 27. Rxd8 Qxd8 28. Nf1 Kh7 29. Qe2 g6 30. N5g3 Qe7 31. Qc4 Kg7 32.
Nd2 Qa3 33. Ngf1 Qc1 34. Nf3 1/2-1/2

[Event "ECC"]
[Site "Panormo GRE"]
[Date "2001.09.23"]
[Round "1"]
[White "Bekker Jensen,S"]
[Black "Jouhki,Y"]
[Result "1/2-1/2"]
[WhiteElo "2356"]
[BlackElo "2274"]
[EventDate "2001.09.22"]

1. d4 d6 2. g3 g6 3. Bg2 Bg7 4. c4 c5 5. d5 Nf6 6. Nc3 O-O 7. Nf3 Na6 8.
O-O Nc7 9. h3 a6 10. a4 b6 11. e4 Rb8 12. Qe2 Bd7 13. e5 Nfe8 14. Bf4 b5
15. axb5 axb5 16. b3 bxc4 17. bxc4 Rb4 18. Rac1 Qc8 19. g4 Qa6 20. Nd2 e6
21. Rfe1 exd5 22. Bxd5 Ne6 23. Bg3 Nd4 24. Qe3 Rb2 25. Qd3 dxe5 26. Bxe5
Nf6 27. Bg2 1/2-1/2

[Event "ECC"]
[Site "Panormo GRE"]
[Date "2001.09.23"]
[Round "1"]
[White "Fries Nielsen,NJ"]
[Black "Saastamoinen,A"]
[Result "1-0"]
[WhiteElo "2383"]
[BlackElo "2180"]
[EventDate "2001.09.22"]

1. b3 c5 2. Bb2 b6 3. e3 Bb7 4. f4 Nf6 5. Nf3 e6 6. Be2 Nc6 7. O-O d6 8.
Qe1 Be7 9. d3 Qc7 10. Nbd2 O-O-O 11. a3 Nd5 12. Bd1 Bf6 13. Bxf6 gxf6 14.
c4 Nde7 15. Ne4 f5 16. Nf6 Ng8 17. Qc3 Nxf6 18. Qxf6 h6 19. Nh4 Qe7 20.
Qxe7 Nxe7 21. Bh5 Rhf8 22. b4 Kc7 23. Rab1 Rd7 24. Rfe1 Nc6 25. Bf3 Rg8 26.
Kf2 Ne7 27. Bxb7 Kxb7 28. Nf3 Rc8 29. h3 Nc6 30. Rg1 cxb4 31. axb4 Rg8 32.
b5 Na5 33. g4 fxg4 34. Rxg4 Rxg4 35. hxg4 d5 36. Ne5 Rc7 37. cxd5 exd5 38.
Rh1 f6 39. Nf3 Rg7 40. Rxh6 1-0

[Event "ECC"]
[Site "Panormo GRE"]
[Date "2001.09.23"]
[Round "1"]
[White "Kiik,K"]
[Black "Pedersen,St"]
[Result "1-0"]
[WhiteElo "2449"]
[BlackElo "2453"]
[EventDate "2001.09.22"]

1. e4 c5 2. c3 d5 3. exd5 Qxd5 4. d4 g6 5. dxc5 Qxc5 6. Nf3 Bg7 7. Be3 Qc7
8. Na3 Nc6 9. Nb5 Qb8 10. Qd2 a6 11. Bf4 e5 12. Nd6+ Ke7 13. Nxc8+ Qxc8 14.
Be3 e4 15. Ng5 f5 16. Qd5 Ne5 17. Bc5+ Ke8 18. Rd1 Qc6 19. Ne6 Qxd5 20.
Nxg7+ Kf7 21. Rxd5 1-0

[Event "ECC"]
[Site "Panormo GRE"]
[Date "2001.09.23"]
[Round "1"]
[White "Colovic,A"]
[Black "Bjelke,J"]
[Result "1-0"]
[WhiteElo "2384"]
[BlackElo "2087"]
[EventDate "2001.09.22"]

1. e4 c5 2. Nf3 d6 3. d4 cxd4 4. Nxd4 Nf6 5. Nc3 g6 6. Be3 Bg7 7. f3 O-O 8.
Qd2 Nc6 9. Bc4 Bd7 10. O-O-O Qa5 11. Bb3 Rfc8 12. Kb1 Nxd4 13. Bxd4 Ne8 14.
g4 Bxd4 15. Qxd4 Qc5 16. Qd2 Be6 17. h4 Bxb3 18. axb3 Qe5 19. f4 Qg7 20. g5
Nc7 21. h5 b5 22. Rh3 b4 23. Ne2 a5 24. Rdh1 a4 25. hxg6 hxg6 26. Nd4 e6
27. Nc6 a3 28. Rh8+ Qxh8 29. Rxh8+ Kxh8 30. Qh2+ Kg8 31. Ne7+ 1-0

[Event "ECC"]
[Site "Panormo GRE"]
[Date "2001.09.23"]
[Round "1"]
[White "Jansson,J"]
[Black "Dancevski,O"]
[Result "1-0"]
[WhiteElo "2227"]
[BlackElo "2435"]
[EventDate "2001.09.22"]

1. Nf3 Nf6 2. g3 d6 3. Bg2 e5 4. d3 Nc6 5. c4 Be6 6. Nc3 Qc8 7. h3 Be7 8.
Rb1 a5 9. a3 O-O 10. g4 Re8 11. O-O h5 12. g5 Nh7 13. Kh2 Qd8 14. Rg1 Nf8
15. Nd5 Ng6 16. Be3 Qd7 17. Qd2 Bd8 18. Qc2 Nce7 19. Nxe7+ Bxe7 20. Nd2 c6
21. Bf3 d5 22. Nf1 Bxh3 23. Bxh5 Bd6 24. Ng3 Bg4 25. Bxg6 fxg6 26. f3 Bh3
27. cxd5 cxd5 28. Qb3 Be6 29. d4 Kf7 30. Kg2 a4 31. Qd1 Rh8 32. Rh1 Bh3+
33. Kf2 e4 34. Qd2 Qc7 35. Rhg1 Be6 36. Nf1 Kg8 37. Rc1 Qe7 38. Bf4 Rf8 39.
Bxd6 Qxd6 40. Qb4 Qf4 41. Rc3 Rh3 42. Qe7 Bf7 43. Rg4 Qb8 44. Rc7 Qe8 45.
Kg2 exf3+ 46. exf3 Rh5 47. Ng3 Rh8 48. Rf4 Qxe7 49. Rxe7 b5 50. Ne2 Rh5 51.
Rg4 Re8 52. Rxe8+ Bxe8 53. Nf4 Bd7 54. Nxh5 Bxg4 55. fxg4 1-0

[Event "ECC"]
[Site "Panormo GRE"]
[Date "2001.09.23"]
[Round "1"]
[White "Nedev,T"]
[Black "Tisdall,J"]
[Result "1-0"]
[WhiteElo "2514"]
[BlackElo "2492"]
[EventDate "2001.09.22"]

1. e4 e5 2. Nf3 Nc6 3. d4 exd4 4. Nxd4 Nf6 5. Nxc6 bxc6 6. e5 Qe7 7. Qe2
Nd5 8. c4 Nb6 9. Nd2 a5 10. g3 Qe6 11. b3 a4 12. Bb2 Bb4 13. Bg2 a3 14. Bd4
Ra5 15. O-O c5 16. Be3 Qxe5 17. f4 Qe7 18. f5 f6 19. Rf4 O-O 20. Re4 Qf7
21. Bf4 1-0

[Event "ECC"]
[Site "Panormo GRE"]
[Date "2001.09.23"]
[Round "1"]
[White "Galego,L"]
[Black "O'Connor,Jon"]
[Result "1/2-1/2"]
[WhiteElo "2467"]
[BlackElo "2165"]
[EventDate "2001.09.22"]

1. e4 e6 2. d4 d5 3. Nc3 Bb4 4. exd5 exd5 5. Bd3 Nc6 6. a3 Bxc3+ 7. bxc3
Nf6 8. Qf3 Qe7+ 9. Ne2 Bg4 10. Qe3 O-O-O 11. Qxe7 Nxe7 12. f3 Bf5 13. Bg5
Bxd3 14. cxd3 Nfg8 15. Kd2 Re8 16. Rhe1 h6 17. Bh4 Ng6 18. Bf2 Nf6 19. c4
Re7 20. Nc3 Rxe1 21. Rxe1 Rd8 22. g3 c6 23. Nd1 Nf8 24. Kc3 Ne6 25. h4 h5
26. a4 b6 27. Re2 Rd7 28. Rd2 g6 29. Ne3 Kb7 30. Nc2 Rd8 31. Be3 Rd7 32.
Re2 Kc7 33. Bg5 Nxg5 34. hxg5 Nh7 35. Re5 Nf8 36. Ne3 dxc4 37. dxc4 Ne6 38.
Nc2 Kd6 39. f4 Ng7 40. Ne3 Re7 41. Kd3 Kd7 42. Ke4 Ne6 43. Nc2 Ng7 44. Ne3
Ne6 45. Ng2 c5 46. d5 Nd4 47. Nh4 Ne2 48. Kf3 Rxe5 49. fxe5 Nc3 50. Kf4
Ne2+ 51. Kf3 Nc3 52. Ke3 Nxa4 53. e6+ fxe6 54. Nxg6 exd5 55. cxd5 Kd6 56.
Nf4 Nb2 57. Ke4 Nc4 58. g6 Ke7 59. Nxh5 a5 60. g7 Kf7 61. Kd3 b5 62. Nf6
Kxg7 63. Nd7 Kg6 64. Nxc5 Kf5 65. Kd4 Nd6 66. Nd3 Kg4 67. Kc5 Ne8 68. Kxb5
Kxg3 69. Kxa5 Kf3 70. Nc5 Kf4 71. Kb6 Nd6 72. Kc6 Nc4 73. Nd3+ Ke4 74. Nc5+
Ke5 75. Nb7 Kd4 76. Nd8 Na5+ 77. Kd6 Nc4+ 78. Ke6 Kc5 79. Nf7 Kd4 80. Nd6
Nb6 81. Nf5+ Kc5 82. d6 Kc6 83. Ne7+ Kb7 84. Nd5 Na4 85. Ke7 Nc5 86. Nf4
Kc8 87. Nd5 Nd7 88. Ke8 Ne5 89. Ne7+ Kb7 90. Ng6 Kc6 1/2-1/2

[Event "ECC"]
[Site "Panormo GRE"]
[Date "2001.09.23"]
[Round "1"]
[White "Heidenfeld,M"]
[Black "Mitkov,N"]
[Result "0-1"]
[WhiteElo "2377"]
[BlackElo "2547"]
[EventDate "2001.09.22"]

1. e4 d6 2. d4 Nf6 3. f3 e5 4. dxe5 dxe5 5. Qxd8+ Kxd8 6. Bc4 Ke8 7. Be3
Nbd7 8. Nd2 Nb6 9. Bb3 Nfd7 10. Ne2 Bc5 11. Kf2 a5 12. a3 Bxe3+ 13. Kxe3
Nc5 14. Nc4 Nxc4+ 15. Bxc4 Ke7 16. b4 Na4 17. Bb3 Nb6 18. c4 Be6 19. Kd3
Ra7 20. Kc3 Rha8 21. b5 Nd7 22. Rhd1 Rc8 23. Kb2 Nc5 24. Nc3 c6 25. Ba2
Raa8 26. Rd2 Rd8 27. Rad1 Rxd2+ 28. Rxd2 g6 29. Kc2 Rc8 30. bxc6 bxc6 31.
Rd1 Rb8 32. Rb1 Rd8 33. Rd1 Rg8 34. g3 h5 35. Kd2 h4 36. Ke3 hxg3 37. hxg3
Rh8 38. Rb1 Kd6 39. Rd1+ Kc7 40. Rc1 Rh2 41. Ne2 g5 42. Rg1 g4 43. f4 exf4+
44. gxf4 Nxe4 45. Bb1 Nd6 0-1

[Event "ECC"]
[Site "Panormo GRE"]
[Date "2001.09.23"]
[Round "1"]
[White "Keogh,E"]
[Black "Vassallo,M"]
[Result "0-1"]
[WhiteElo "2152"]
[BlackElo "2470"]
[EventDate "2001.09.22"]

1. e4 c5 2. f4 a6 3. Nf3 e6 4. c3 d5 5. e5 Nc6 6. d3 h5 7. g3 Nh6 8. Bh3
Be7 9. Na3 Nf5 10. Nc2 g6 11. O-O b5 12. Qe2 a5 13. Be3 Nxe3 14. Qxe3 Bb7
15. d4 Qb6 16. a3 Ba6 17. Rf2 b4 18. Qc1 Rc8 19. axb4 cxb4 20. Ne3 Rc7 21.
Qc2 Rg8 22. f5 gxf5 23. Bxf5 Bg5 24. Nxg5 Rxg5 25. Qd2 Rg7 26. Bd3 Bxd3 27.
Qxd3 bxc3 28. bxc3 Rb7 29. Qe2 h4 30. Qh5 hxg3 31. Qh8+ Kd7 32. hxg3 Rxg3+
33. Ng2 Nd8 34. Rc1 Rc7 35. Rfc2 Rgxc3 36. Rxc3 Qxd4+ 37. Re3 Rxc1+ 38. Kh2
Rc2 0-1

[Event "ECC"]
[Site "Panormo GRE"]
[Date "2001.09.23"]
[Round "1"]
[White "Santos,JP"]
[Black "Schmidt,M"]
[Result "1/2-1/2"]
[WhiteElo "2299"]
[BlackElo "2104"]
[EventDate "2001.09.22"]

1. d4 Nf6 2. c4 g6 3. Nc3 Bg7 4. Nf3 O-O 5. Bg5 d6 6. e3 c6 7. h3 Nbd7 8.
Be2 Re8 9. O-O h6 10. Bh4 e5 11. Qc2 Nf8 12. Rfd1 Qc7 13. Bg3 b6 14. b4 a5
15. a3 axb4 16. axb4 Rxa1 17. Rxa1 Bf5 18. Qb3 Ne4 19. Nxe4 Bxe4 20. dxe5
dxe5 21. Ra6 c5 22. bxc5 bxc5 23. Qb6 Qxb6 24. Rxb6 f6 25. Nd2 Ba8 26. Nb3
Ne6 1/2-1/2

[Event "ECC"]
[Site "Panormo GRE"]
[Date "2001.09.23"]
[Round "1"]
[White "Beveridge,N"]
[Black "Jedryczka,K"]
[Result "0-1"]
[WhiteElo "2021"]
[BlackElo "2330"]
[EventDate "2001.09.22"]

1. c4 e5 2. g3 f5 3. Bg2 Nf6 4. Nc3 c6 5. d4 e4 6. Nh3 d5 7. cxd5 Nxd5 8.
O-O Be7 9. Qb3 Be6 10. Nxd5 Bxd5 11. Qc2 O-O 12. Be3 Na6 13. a3 Nc7 14. f3
exf3 15. exf3 Bf6 16. Rad1 Qd7 17. Nf4 Bf7 18. Bh3 g6 19. g4 fxg4 20. Bxg4
Qd6 21. Ne2 Nd5 22. Bf2 Bg5 23. Rd3 Rae8 24. Ng3 h5 25. Ne4 Qe7 26. Nxg5
Qxg5 27. h4 Qf6 28. Bh3 Nf4 29. Bg2 Nxd3 30. Qxd3 Qe6 31. Re1 Qc4 32. Qd2
Rxe1+ 33. Bxe1 Rd8 34. Bf2 c5 35. Qa5 b6 36. Qxa7 Qc1+ 37. Kh2 Qxb2 38. Bg3
Qxd4 39. Qxb6 c4 0-1

[Event "ECC"]
[Site "Panormo GRE"]
[Date "2001.09.23"]
[Round "1"]
[White "Buckley,D"]
[Black "Grabarczyk,B"]
[Result "1-0"]
[WhiteElo "2172"]
[BlackElo "2439"]
[EventDate "2001.09.22"]

1. e4 c5 2. Nf3 d6 3. d4 cxd4 4. Nxd4 Nf6 5. Nc3 g6 6. Be3 Bg7 7. f3 Nc6 8.
Qd2 Bd7 9. O-O-O Rc8 10. g4 Qa5 11. h4 O-O 12. Nb3 Qe5 13. g5 Nh5 14. f4
Qe6 15. Bh3 Bxc3 16. bxc3 Qxh3 17. Rxh3 Bxh3 18. Qf2 Bg4 19. Rd2 Be6 20. f5
Bc4 21. f6 exf6 22. Rxd6 fxg5 23. Bxg5 Rfe8 24. Rd7 b6 25. Qg2 Be6 26. Rb7
Kg7 27. Qd2 Ng3 28. Bf6+ Kxf6 29. Qg5+ Kg7 30. Qxg3 Kg8 31. h5 Kg7 32. Qg5
Rg8 33. h6+ Kf8 34. Nd4 1-0

[Event "ECC"]
[Site "Panormo GRE"]
[Date "2001.09.23"]
[Round "1"]
[White "Buckley,S"]
[Black "Miton,K"]
[Result "1/2-1/2"]
[WhiteElo "2268"]
[BlackElo "2516"]
[EventDate "2001.09.22"]

1. e4 c5 2. Nf3 Nc6 3. d4 cxd4 4. Nxd4 e5 5. Nb5 d6 6. Bc4 Be7 7. O-O a6 8.
N5c3 Nf6 9. Bg5 Bg4 10. Qd2 O-O 11. Bxf6 Bxf6 12. Nd5 Bg5 13. Qd3 b5 14.
Bb3 Nd4 15. f3 Be6 16. c3 Nxb3 17. axb3 Qc8 18. Na3 Qc5+ 19. Kh1 Bxd5 20.
Qxd5 Qxd5 21. exd5 f5 22. Nc2 a5 23. g3 g6 24. Ra2 b4 25. c4 Bf6 26. Rfa1
e4 27. f4 Rae8 28. Kg2 Bd8 29. Nd4 Bb6 30. Ne6 Rf7 31. Rc1 Rc8 32. Kf1 h6
33. h4 Re7 34. Rd1 Kf7 35. Ke2 Kf6 36. Raa1 Ra7 37. Ra4 Rh8 38. Rh1 Rc8 39.
Rd1 Rca8 40. Rh1 Re8 41. Rd1 Rae7 42. Rf1 Rc8 43. Rd1 Rg8 44. Rh1 Rxe6 45.
dxe6 Kxe6 46. Raa1 g5 47. hxg5 hxg5 48. Rh6+ Kd7 49. Rd1 Bc5 50. Rf1 gxf4
51. Rxf4 Rxg3 52. Rxf5 Rxb3 53. Rf7+ Kc6 54. Rh8 Rxb2+ 55. Kd1 Rb1+ 56. Kc2
Rb2+ 57. Kd1 Be3 58. Rc8+ Kb6 59. Rfc7 Bc5 60. Rc6+ 1/2-1/2

[Event "ECC"]
[Site "Panormo GRE"]
[Date "2001.09.23"]
[Round "1"]
[White "Jakubiec,A"]
[Black "Dunworth,C"]
[Result "1/2-1/2"]
[WhiteElo "2497"]
[BlackElo "2289"]
[EventDate "2001.09.22"]

1. f4 g6 2. Nf3 Bg7 3. e4 d5 4. e5 c5 5. c3 Nc6 6. d4 cxd4 7. Nxd4 Nh6 8.
Be3 O-O 9. Bd3 Nxd4 10. cxd4 Bf5 11. Nc3 Bxd3 12. Qxd3 e6 13. h4 Qb6 14.
O-O-O Rfc8 15. h5 Qa6 16. Qxa6 bxa6 17. Kb1 Bf8 18. Rc1 Ng4 19. Bg1 Be7 20.
Rh3 Rc4 21. Ne2 Rac8 22. Rb3 Rxc1+ 23. Nxc1 Rc7 24. Ne2 Kg7 25. hxg6 fxg6
26. Rb8 Nh6 27. Be3 Nf5 28. Bd2 h5 29. Ba5 Rd7 30. Rc8 Bh4 31. Rc6 Kf7 32.
Rc1 Bf2 33. Bc3 Ne3 34. Rh1 Nf5 35. Kc2 Ng3 36. Nxg3 Bxg3 37. Rf1 Kg7 38.
Rf3 h4 39. Kd3 Rf7 40. Bd2 Rf5 41. Ke2 Kh6 42. Ra3 Bxf4 43. Be1 Bc1 44.
Rxa6 Bxb2 45. Bf2 Kh5 46. Be3 Rf7 47. Rxe6 Rc7 48. Re8 Kg4 49. Re6 Rc2+ 50.
Kd3 Rxg2 51. Rxg6+ Kh3 52. Rh6 Rg3 53. Rc6 Kg4 54. e6 Ba3 55. Rc7 h3 56.
Rg7+ Kf3 57. Rf7+ Kg2 58. Rf2+ Kh1 59. Ke2 h2 60. Bf4 Rh3 61. Kf1 Be7 62.
Be5 Bh4 63. Rf7 Re3 64. Rf2 Bxf2 65. Kxf2 Rc3 66. e7 Rc2+ 67. Kf1 Rc1+ 68.
Kf2 Rc2+ 69. Kf3 Rc8 70. Kf2 Rc2+ 1/2-1/2

[Event "ECC"]
[Site "Panormo GRE"]
[Date "2001.09.23"]
[Round "1"]
[White "Jedynak,R"]
[Black "Buckley,M"]
[Result "1-0"]
[WhiteElo "2347"]
[BlackElo "2118"]
[EventDate "2001.09.22"]

1. d4 e6 2. c4 Nf6 3. Nc3 Bb4 4. Qc2 O-O 5. a3 Bxc3+ 6. Qxc3 b6 7. Bg5 Bb7
8. e3 d6 9. f3 Nbd7 10. Bd3 c5 11. dxc5 bxc5 12. Nh3 h6 13. Bh4 Qb6 14. O-O
d5 15. Bf2 e5 16. cxd5 Nxd5 17. Qc2 Ne7 18. Rfd1 Qe6 19. Bc4 Bd5 20. Rxd5
Nxd5 21. e4 Rab8 22. Bxd5 Qg6 23. Bc4 Rfd8 24. Be3 Nb6 25. b3 Nxc4 26. Qxc4
Kh8 27. Nf2 f5 28. exf5 Qxf5 29. Bxc5 Rd7 30. Re1 Rbd8 31. Qe4 Qf7 32. Qc4
Qg6 33. b4 Rd2 34. Bxa7 Rb2 35. h3 Rb1 36. Rxb1 Qxb1+ 37. Kh2 Qa1 38. Qc5
Qxa3 39. Qa5 1-0

[Event "ECC"]
[Site "Panormo GRE"]
[Date "2001.09.24"]
[Round "2"]
[White "Harestad,H"]
[Black "Georgiev,Ki"]
[Result "1/2-1/2"]
[WhiteElo "2196"]
[BlackElo "2695"]
[EventDate "2001.09.22"]

1. d4 Nf6 2. c4 c5 3. d5 e6 4. Nc3 exd5 5. cxd5 d6 6. e4 g6 7. Bd3 Bg7 8.
h3 O-O 9. Nf3 a6 10. a4 Nbd7 11. O-O Nh5 12. Be3 Re8 13. Qc2 Rb8 14. Rae1
b6 15. g4 Nhf6 16. Bf4 Qc7 17. Qe2 Bb7 18. Bxa6 Nxd5 19. Nxd5 Bxd5 20. Qd3
Be6 21. Bxd6 Qa7 22. Bxb8 Qxb8 23. Bb5 Re7 24. e5 Nf8 25. Qd6 Qb7 26. Bc6
Qa7 27. Rd1 Bc4 28. Bb5 Bxf1 29. Kxf1 h6 30. Qd8 Kh7 31. Rd6 Rb7 32. Qe8
Re7 33. Qd8 Rb7 34. Qe8 Re7 35. Qc8 Ne6 36. Qa6 Qxa6 37. Bxa6 Nd4 38. Nxd4
Bxe5 39. Nb5 Bxd6 40. Nxd6 Kg7 41. Nc4 Ra7 42. Bb5 Rb7 43. Bc6 Rb8 44. Ke2
Kf6 45. Bd5 b5 46. axb5 Rxb5 47. h4 Rb8 48. f4 Rb3 49. g5+ hxg5 50. hxg5+
Kg7 51. Kd2 f6 52. Kc2 Rg3 53. gxf6+ Kxf6 54. Be4 g5 55. fxg5+ Kxg5 56. Nd6
Kf4 57. Bd3 Rg7 58. Kc3 Ke5 59. Nf5 Rg5 60. Ne3 Rh5 61. Kc4 1/2-1/2

[Event "ECC"]
[Site "Panormo GRE"]
[Date "2001.09.24"]
[Round "2"]
[White "Groszpeter,A"]
[Black "Halkias,S"]
[Result "1/2-1/2"]
[WhiteElo "2495"]
[BlackElo "2505"]
[EventDate "2001.09.22"]

1. e4 c5 2. Nf3 Nc6 3. d4 cxd4 4. Nxd4 Nf6 5. Nc3 e5 6. Ndb5 d6 7. Bg5 a6
8. Na3 b5 9. Bxf6 gxf6 10. Nd5 Bg7 11. c3 f5 12. exf5 Bxf5 13. Nc2 O-O 14.
Nce3 Bd7 15. Bd3 f5 16. Bc2 e4 17. Nf4 Be5 18. g3 b4 19. Ned5 bxc3 20. bxc3
Ne7 21. O-O Nxd5 22. Nxd5 Bb5 23. Re1 Kh8 24. Rb1 Ra7 25. Ba4 Bd3 26. Bc2
Qa5 27. Bxd3 Qxd5 28. Bf1 Qxa2 29. Re2 Qf7 30. Qb3 Qg7 31. Qd5 Rc7 32. Reb2
Rc5 33. Qe6 f4 34. Rb7 Rc7 35. Rxc7 Qxc7 36. gxf4 Qg7+ 37. Kh1 Rg8 38. Bh3
Bxf4 39. Qxe4 Be5 40. Bf5 Qh6 41. h3 Bxc3 42. Bg4 Rf8 43. Rb7 Be5 44. Kg2
Qh4 45. Qe3 Rg8 46. Qa7 Qh6 1/2-1/2

[Event "ECC"]
[Site "Panormo GRE"]
[Date "2001.09.24"]
[Round "2"]
[White "Grivas,E"]
[Black "Horvath,Gy"]
[Result "1-0"]
[WhiteElo "2489"]
[BlackElo "2441"]
[EventDate "2001.09.22"]

1. d4 Nf6 2. c4 e6 3. Nf3 b6 4. g3 Ba6 5. Qb3 d5 6. cxd5 Qxd5 7. Qc2 Qd8 8.
Bg2 Bb7 9. O-O Be4 10. Qa4+ Bc6 11. Qd1 Nbd7 12. Bg5 Be7 13. Nc3 O-O 14.
Qc2 Bb7 15. Rfd1 a6 16. a4 Ra7 17. e4 Qa8 18. d5 h6 19. dxe6 fxe6 20. Rxd7
Nxd7 21. Bxe7 Rf7 22. Ba3 c5 23. b4 Qf8 24. bxc5 bxc5 25. Qe2 Ra8 26. Nd2
Ne5 27. f4 Nc6 28. Nb3 Nb4 29. Na5 Rd8 30. Nxb7 Rxb7 31. e5 Rbd7 32. Ne4
Qf5 33. Nd6 Qc2 34. Qxc2 Nxc2 35. Ra2 Nxa3 36. Rxa3 Rb8 37. Rc3 Rb1+ 38.
Kf2 Rb2+ 39. Kf3 g5 40. Bf1 1-0

[Event "ECC"]
[Site "Panormo GRE"]
[Date "2001.09.24"]
[Round "2"]
[White "Grabarczyk,B"]
[Black "Pigusov,E"]
[Result "1/2-1/2"]
[WhiteElo "2439"]
[BlackElo "2613"]
[EventDate "2001.09.22"]

1. e4 c5 2. Nf3 Nc6 3. d4 cxd4 4. Nxd4 g6 5. c4 Nf6 6. Nc3 d6 7. f3 Nxd4 8.
Qxd4 Bg7 9. Be3 O-O 10. Qd2 Be6 11. Rc1 Qa5 12. b3 Rfc8 13. Be2 a6 14. Nd5
Qxd2+ 15. Kxd2 Nxd5 16. cxd5 Bd7 17. Rxc8+ Rxc8 18. Rc1 Rxc1 19. Kxc1 Kf8
20. a4 e6 1/2-1/2